The "Big Three" Auto Manufacturers of the USA, Germany, and Japan - Statistics

General Stats
  • This quiz has been taken 414 times
  • The average score is 7 of 9
Answer Stats
Country Auto Manufacturer % Correct
USA Ford
95%
Japan Toyota
92%
Germany Volkswagen
90%
Germany BMW
87%
Japan Honda
85%
Germany Mercedes-Benz
82%
USA General Motors
72%
Japan Nissan
64%
USA Chrysler/Stellantis
50%
No matching quizzes found
Score Distribution
Percent of People with Each Score
Percentile by Number Answered
Your Score History
You have not taken this quiz